Algunas observaciones sobre los cromoblastos de la piel humana / (Record no. 127801)

MARC details
000 -LEADER
campo de control de longitud fija 01064nam a2200229 4500
001 - NÚMERO DE CONTROL
campo de control 127801
003 - IDENTIFICADOR DE NÚMERO DE CONTROL
campo de control ES-MaACL
005 - FECHA Y HORA DE LA ÚLTIMA TRANSACCIÓN
campo de control 20251005063110.0
007 - CAMPO FIJO DE DESCRIPCIÓN FÍSICA--INFORMACIÓN GENERAL
campo de control de longitud fija t|
008 - DATOS DE LONGITUD FIJA--INFORMACIÓN GENERAL
campo de control de longitud fija 070214s1921 sp r ||||1| spa d
100 1# - ENTRADA PRINCIPAL--NOMBRE DE PERSONA
Nombre de persona Río Hortega, Pío del,
Fechas asociadas al nombre 1882-1945
9 (RLIN) 97326
245 10 - MENCIÓN DEL TÍTULO
Título Algunas observaciones sobre los cromoblastos de la piel humana /
Mención de responsabilidad, etc. Pío del Río Hortega.
260 ## - PUBLICACIÓN, DISTRIBUCIÓN, ETC.
Lugar de publicación, distribución, etc. Madrid :
Nombre del editor, distribuidor, etc. Junta para Ampliación de Estudios e Investigaciones Científicas,
Fecha de publicación, distribución, etc. 1921.
300 ## - DESCRIPCIÓN FÍSICA
Extensión 2 p., lám. XXVII-XXX ;
Dimensiones 24 cm.
490 1# - MENCIÓN DE SERIE
Mención de serie Trabajos del Laboratorio de Histopatología de la Junta para Ampliación de Estudios ;
Designación de volumen o secuencia 11
500 ## - NOTA GENERAL
Nota general Separata del `Boletín de la Real Sociedad Española de Historia Natural`, marzo 1921.
710 2# - ENTRADA AGREGADA--NOMBRE DE ENTIDAD CORPORATIVA
Nombre de entidad corporativa o nombre de jurisdicción como elemento de entrada Junta para la Ampliación de Estudios e Investigaciones Científicas.
9 (RLIN) 5413
710 2# - ENTRADA AGREGADA--NOMBRE DE ENTIDAD CORPORATIVA
Nombre de entidad corporativa o nombre de jurisdicción como elemento de entrada Real Sociedad Española de Historia Natural
9 (RLIN) 6397
830 00 - PUNTO DE ACCESO ADICIONAL DE SERIE-TÍTULO UNIFORME
Título uniforme Trabajos del Laboratorio de Histopatología de la Junta para Ampliación de Estudios
Designación de volumen o secuencia 11
9 (RLIN) 184307
852 ## - LOCALIZACIÓN
Ubicación ES-MaACL
Número de control de estantería 1609-F-8
Holdings
Estatus retirado Estado de pérdida Estado de daño No para préstamo Colección Biblioteca de origen Biblioteca actual Ubicación en estantería Fecha de adquisición Fuente de adquisición Total de préstamos Signatura topográfica completa Código de barras Visto por última vez Precio de reemplazo Tipo de ítem Koha
        Colección de folletos Biblioteca del Ateneo de Madrid Biblioteca del Ateneo de Madrid Depósito folletos 17/01/2008     1609-F-8 1133112 23/02/2023 23/02/2023 Folleto